| 000 | 00980nam a22002537a 4500 | ||
|---|---|---|---|
| 005 | 20240530110555.0 | ||
| 008 | 160302s2012 ua g b 000 0 ara d | ||
| 017 |
_a2012/20991 _bمصر . دار الكتب المصرية |
||
| 020 | _a9789774312521 | ||
| 040 | _aEG-CaGPL | ||
| 082 | 0 | 4 |
_221 _a001.42\ _bح ب |
| 100 | 0 | _aحمدى عبدالعليم البدوى | |
| 245 | 1 | 2 |
_aالبحث العلمى و مراكز مصادر التعلم / _cاعداد حمدى عبدالعليم البدوى |
| 250 | _aط1 | ||
| 260 |
_aالقاهرة : _bمؤسسة طيبة للنشر و التوزيع ، _c2012 . |
||
| 300 |
_a165 : _bايض ؛ _c24 سم . |
||
| 490 | _aدنيا الكتب و المكتبات | ||
| 504 | _aيشتمل على ارجاعات ببليوجرافية | ||
| 650 | 0 | 4 | _aالبحث العلمى |
| 650 | 0 | 4 | _aطرق البحث |
| 650 | 0 | 4 |
_aالبحث العلمى _xتقييم |
| 942 |
_2ddc _cBK |
||
| 999 |
_c62549 _d62549 |
||